00404 a2200121 4500020001800000082001900018100002300037245005800060260005000118300002800168650006400196700002200260 a9789968472890 a193.092bF811a aFragomero, Roberto aAgitator mundibKant y la razon en busca de su nombre aSan Jose, Costa RicabEditorial Arlekinc2010 a105 pbill (col)c21 cm xKant, Immanuelxcritica e interpretacionxfilosofia moderna aRoberto Fragomero